Equipe de France féminine 2015 - Statistiques

Statistiques générales
  • Ce quiz a été pris 50 fois
  • Le résultat moyen est 11 sur 24
Statistiques - réponses
Poste Réponse % Correct
Attaquante Eugénie Le Sommer
95%
Défenseur Wendie Renard
95%
Gardienne de but Sarah Bouhaddi
85%
Milieu de terrain Amandine Henry
83%
Milieu de terrain Camille Abily
63%
Attaquante Gaëtane Thiney
63%
Milieu de terrain Élodie Thomis
58%
Défenseur Laure Boulleau
58%
Défenseur Laure Georges
58%
Défenseur Amel Majri
55%
Milieu de terrain Élise Bussaglia
55%
Milieu de terrain Louisa Necib
48%
Milieu de terrain Kenza Dali
45%
Attaquante Kadidiatou Diani
40%
Attaquante Marie-Laure Delie
40%
Milieu de terrain Claire Lavogez
35%
Milieu de terrain Kheira Hamraoui
30%
Sélectionneur Philippe Bergerôo
28%
Défenseur Sabrina Delannoy
23%
Défenseur Griedge Mbock Bathy
20%
Gardienne de but Méline Gérard
20%
Défenseur Annaïg Butel
18%
Gardienne de but Céline Deville
15%
Défenseur Jessica Houara d'Hommeaux
13%
Aucun quiz correspondant
Distribution des résultats
% des personnes avec chaque résultat
Percentile par nombre de réponses
Votre historique - résultats
Vous n’avez pas pris ce quiz